IATA Airport Codes - Europe - Statistics

General Stats
  • This quiz has been taken 156 times
  • The average score is 32 of 50
Answer Stats
Hint Answer % Correct
Paris Charles De Gualle CDG
95%
Brussels BRU
93%
Dublin DUB
93%
Amsterdam Schiphol AMS
92%
Frankfurt FRA
92%
Helsinki HEL
92%
Madrid Barajas MAD
91%
Vienna VIE
91%
Hamburg HAM
90%
Athens ATH
89%
Budapest BUD
89%
London Heathrow LHR
88%
Prague PRG
87%
Manchester MAN
84%
Barcelona El Prat BCN
83%
London Gatwick LGW
82%
Dusseldorf DUS
81%
Oslo Gardermoen OSL
81%
Munich MUC
80%
Copenhagen CPH
79%
Rome Fiumicino FCO
77%
Nice NCE
75%
Naples NAP
73%
Edinburgh EDI
72%
Paris Orly ORY
72%
Milan Malpensa MXP
65%
Venice Marco Polo VCE
61%
Geneva GVA
60%
Stockholm Arlanda ARN
59%
London Stansted STN
59%
London Luton LTN
58%
Turin TRN
54%
Faro FAO
53%
Berlin Tegel TXL
53%
Palma de Mallorca PMI
49%
Riga RIX
48%
Toulouse TLS
48%
Malta MLA
45%
Malaga AGP
43%
Tallinn TLL
43%
Belgrade BEG
40%
Moscow Sheremetyevo SVO
40%
Dubrovnik DBV
39%
Moscow Domodedovo DME
34%
Saint Petersburg Pulkovo LED
33%
Thessaloniki SKG
24%
Moscow Vnukovo VKO
24%
Kiev Boryspil KBP
23%
Berlin Schonefeld SXF
23%
Sochi AER
10%
No matching quizzes found
Score Distribution
Percent of People with Each Score
Percentile by Number Answered
Your Score History
You have not taken this quiz